Shed for drying scrap and lump rubber (Record no. 68636)

MARC details
000 -LEADER
fixed length control field 00345nam a2200145Ia 4500
245 #0 - TITLE STATEMENT
Title Shed for drying scrap and lump rubber
260 ## - PUBLICATION, DISTRIBUTION, ETC. (IMPRINT)
Name of publisher R.R.I Planters Bulletin
Year of publication 1941
300 ## - PHYSICAL DESCRIPTION
Number of Pages 4-Jan
650 ## - SUBJECT ADDED ENTRY--TOPICAL TERM
Topical Term Drying
650 ## - SUBJECT ADDED ENTRY--TOPICAL TERM
Topical Term Lump rubber
650 ## - SUBJECT ADDED ENTRY--TOPICAL TERM
Topical Term Rubber
650 ## - SUBJECT ADDED ENTRY--TOPICAL TERM
Topical Term Scrap
942 ## - ADDED ENTRY ELEMENTS (KOHA)
Koha item type Journals
Holdings
Withdrawn status Lost status Damaged status Not for loan Home library Current library Shelving location Date acquired Serial Enumeration / chronology Koha item type
      Journals RRII Library RRII Library Rubber chemistry 17/12/2021 Volume 16, Issue Journals